Loreto College Library, Kolkata
WEBOPAC (ONLINE PUBLIC ACCESS CATALOGUE)

The tragedy of Macbeth (Record no. 4418)

MARC details
000 -LEADER
fixed length control field 00550nam a2200193Ia 4500
008 - FIXED-LENGTH DATA ELEMENTS--GENERAL INFORMATION
fixed length control field 131103s9999 xx 000 0 und d
040 ## - CATALOGING SOURCE
Original cataloging agency Loreto College
041 ## - LANGUAGE CODE
Language code English
082 ## - DDC | ডিউই
Classification number | বর্গসংখ্যা 822.33/T5/SHA/LCLIB/16754
Book Number | গ্রন্থাঙ্ক LCLIB/16754
100 ## - MAIN ENTRY--PERSONAL NAME | মুখ্য সংলেখ - ব্যাক্তিনাম
Personal name | ব্যাক্তিনাম Harrison,G.B.
245 #4 - TITLE STATEMENT | অাখ্যা বিবরণী
Title | অাখ্যা The tragedy of Macbeth
Statement of responsibility | লেখকের দায়িত্বের বিবরণ G.B.Harrison
260 ## - IMPRINT | প্রকাশনা ক্ষেত্র
Place of publication | প্রকাশ স্থান Harmoundsworth
Name of publisher | প্রকাশকের নাম Penguin Books
Date of publication | প্রকাশ কাল [19 - ?]
300 ## - PHYSICAL DESCRIPTION |
Page / Vol. No | পৃষ্ঠা / খন্ড সংখ্যা 124 p.
504 ## - BIBLIOGRAPHY, ETC. NOTE
Bibliography, etc Includes notes and glossary
650 ## - SUBJECT ADDED ENTRY--TOPICAL TERM | বিষয় শিরোনাম - মূল বিষয়
Topical term | মূল বিষয় English Drama
651 ## - SUBJECT ADDED ENTRY--GEOGRAPHIC NAME | বিষয় শিরোনাম - ভৌগলিক নাম
Geographic name | ভৌগলিক বিষয় Shakespeare,William - Macbeth
850 ## - HOLDING INSTITUTION
Holding institution LCLIB
942 ## - ADDED ENTRY ELEMENTS (KOHA)
Koha item type Books
Holdings
Withdrawn status Lost status Damaged status Not for loan Home library Current library Date acquired Total Checkouts Full call number Accession No. Date last seen Price effective from Koha item type
        Loreto College Loreto College 04/11/2013   822.33/T5/SHA/LCLIB/16754 LCLIB/16754 B4286 04/11/2013 04/11/2013 Books